000 01818nam a2200241Ia 4500
008 260220t1963||||xx |||||||||||||| ||spa||
040 _aPY-SlUNAC
_bspa
_erda
041 _aspa
082 _a307.2
_bW215n
100 _aWard, Barbara
_eAutor
245 0 _aLas naciones ricas y las naciones pobres /
_cpor Barbara Ward [Autor]
264 _a[Lugar de publicación no identificado] :
_bAID,
_c℗1963.
300 _a1 volumen
520 _aEn "Las naciones ricas y las naciones pobres", Barbara Ward examina las profundas desigualdades económicas y sociales que persisten entre los países desarrollados y en vías de desarrollo. A través de un análisis crítico, la autora aborda los factores que perpetúan esta disparidad, incluyendo el colonialismo, la explotación de recursos y las estructuras de poder global. Ward argumenta que la interdependencia mundial exige una colaboración más efectiva entre naciones para fomentar un desarrollo sostenible y equitativo. Propone que, en lugar de adoptar enfoques paternalistas, las naciones ricas deben reconocer su responsabilidad en la creación de un entorno que permita a las naciones pobres crecer y prosperar. La autora enfatiza la necesidad de innovaciones en políticas económicas, educación y tecnología, subrayando el papel crucial que desempeñan la planificación y la cooperación internacional. Este texto se convierte en una llamada a la acción para un cambio sistemático que aborde las raíces de la pobreza y promueva la justicia social a nivel global.
653 _aCooperación internacional
653 _aDesarrollo económico
653 _aDesigualdad económica
942 _b2026/02/17
_cBK
999 _c6990
_d6990